00662nam a2200181Ia 4500008004100000020001800041050001700059100003400076245008100110250001000191260002700201300001800228500005700246650004200303942001200345952010600357999001700463120626s9999 xx 000 0 und d a968-6039-67-804aP92 F46 19871 aFERNANDEZ CHRISTLIEB, Fatima.10aLos medios de difusion masiva en mexicocautor, Fatima Fernandez Christlieb. a6a Ed aMéxicobJuan Pablos. a332 páginas aContiene: Índice de contenido Nota introductoria.17aMEDIOS DE COMUNICACION MASIVA-MEXICO. 2lcccLB 00104070a07b07d2011-10-20l1oP92 F46 1987p07 002388r2014-03-21s2014-03-21t1w2012-06-26yLB c67315d67315